000 00320nam a2200121Ia 4500
008 220217s9999||||xx |||||||||||||| ||und||
082 _a823 SOM
100 _aSomaiah, Motanalira
_93735
245 0 _aWisdom of the wise
260 _aVishvadharma centre
_bBangalore
_c2003
300 _b400
650 _aGENERAL BOOKS
999 _c172475
_d172475